|
|
|
|
| LEADER |
00000cam a2200000 7i4500 |
| 001 |
0000039838 |
| 005 |
20140109.0 |
| 008 |
140109 |
| 020 |
|
|
|a 9673717538
|
| 090 |
0 |
0 |
|a 297.44
|b SAL
|
| 100 |
0 |
|
|a Salman Rusydie Anwar
|
| 245 |
1 |
0 |
|a Sembuh dengan Al-Quran
|c Salman Rusydie Anwar
|
| 260 |
|
|
|a KL :
|b SynergyMedia ,
|c [s.n]
|
| 440 |
|
|
|a Siri rahsia bacaan Al-Quran
|
| 650 |
|
0 |
|a Islam and the social sciences
|
| 650 |
|
0 |
|a Medicine religious
|x Aspect Islam
|
| 999 |
|
|
|a 0001194978
|b Book
|c Adult Collection
|e Cawangan Mersing
|
| 999 |
|
|
|a 0001194983
|b Book
|c Adult Collection
|e Cawangan Pontian
|
| 999 |
|
|
|a 0001194985
|b Book
|c Adult Collection
|e Cawangan Tmn. Ungku Tun Aminah
|
| 999 |
|
|
|a 0001194990
|b Book
|c Adult Collection
|e Perbadanan Perpustakaan Awam Johor
|
| 999 |
|
|
|a 0001262016
|b Book
|c Adult Collection
|e Perbadanan Perpustakaan Awam Johor
|